00302nam a2200121Ia 4500008004100000100001900041245003500060260004100095300000900136650001300145942000700158999001500165190216s9999||||xx |||||||||||||| ||und|| aRamachandran H 0aFinancial Planning And Control bPrentice Hall Of India Pvt Ltdc1982 a529p aCommerce cBK c4298d4298